Futurama or The Simpsons? Quiz Stats

Quiz Updated May 26, 2016

Challenge
Share
Tweet
Embed
Score 0/30 Timer 07:00
2 Plays Today
Name, Place, Product etc. F or S % Correct
Slurm???
80.1%
Suicide Booth???
79.5%
Holophonor???
77.3%
Hypnotoad???
76.2%
Popplers???
74.9%
Wong Ranch???
74.8%
Panucci's Pizza???
74.5%
Squishee???
74.2%
Monorail???
73.8%
Stonecutters???
73.1%
Buzz Cola???
72.6%
Grunka Lunkas???
72.6%
Tomacco???
72.2%
The Leftorium???
71.9%
Hermaphlamingos???
70.8%
Name, Place, Product etc. F or S % Correct
Spice Weasel???
70.4%
Crushinator???
68.3%
Ceremonial Killamajig???
65.4%
Angry Norwegian Anchovies???
63%
Android's Dungeon???
61.4%
Murderhorn???
60.2%
Windy Shrimp???
55.5%
Radioactive Ape???
54.9%
Admiral Crunch???
50%
Globex Corporation???
49.5%
Screamapillar???
47.2%
Lovey Bears???
46%
Planet Hype???
38.9%
77X42???
37%
Two-nicorn???
36.5%

You're not logged in!

Compare scores with friends on all Sporcle quizzes.
Join for Free
OR
Log In

You Might Also Like...

Show Comments

Extras

Top Quizzes Today


Score Distribution

Your Account Isn't Verified!

In order to create a playlist on Sporcle, you need to verify the email address you used during registration. Go to your Sporcle Settings to finish the process.

Report this User

Report this user for behavior that violates our Community Guidelines.

Details: